| 000 | 00904nam a22002895a 4500 | ||
|---|---|---|---|
| 008 | 081110r20062004enka|||fr|||| 001 0 eng d | ||
| 010 | _a 2004266755 | ||
| 020 | _a0199257841 | ||
| 020 | _a9780199257843 | ||
| 040 |
_aEG-ScBuE _beng _cEG-ScBuE |
||
| 082 | 0 | 4 |
_a330 _bLIB _222 |
| 100 | 1 |
_aLipsey, Richard G., _99041 |
|
| 245 | 1 | 0 |
_aEconomics / _cRichard G. Lipsey, K. Alec Chrystal. |
| 250 | _a10th ed, Reprint. | ||
| 260 |
_aOxford ; _bOxford University Press, _c2006 |
||
| 300 |
_axix, 699 p. : _bill. (col) ; _c26 cm. |
||
| 500 | _aGlossary : p. 665-682. | ||
| 500 | _aReprint of the 2006 ed. | ||
| 500 | _aIndex : p. 683-699. | ||
| 504 | _aIncludes bibliographical references. | ||
| 590 | _ayassmeen ashraf | ||
| 650 | 0 |
_aEconomics. _932037 _2BUEsh |
|
| 651 | _2BUEsh | ||
| 653 |
_bBUSECO _cAugust2015 |
||
| 700 | 1 |
_aChrystal, K. Alec, _d1946- _99043 |
|
| 942 |
_cBB _k330 LIP _2ddc |
||
| 999 |
_c4124 _d4124 |
||